| 000 | 00597nam a22001817a 4500 | ||
|---|---|---|---|
| 005 | 20251028094224.0 | ||
| 008 | 251008b |||||||| |||| 00| 0 eng d | ||
| 020 | _a9780241655665 | ||
| 082 | _aDC 612.3 C430 2025 | ||
| 100 |
_aChiang, Austin. _968675 |
||
| 245 |
_aGut : _ban owner's guide / _cAustin Chiang. |
||
| 260 |
_aGreat Britain : _bDorling Kindersley Limited, _c©2024. |
||
| 300 |
_a207 pages : _bcolor illustrations ; _c19 cm. |
||
| 500 | _aIncludes index. | ||
| 650 | 0 |
_aDigestion _xPopular works. _968993 |
|
| 650 | 0 |
_aGastrointestinal system _xPopular works. _968994 |
|
| 942 |
_2ddc _cDC |
||
| 999 |
_c24021 _d24021 |
||